| 000 | 00786nam a2200181 i 4500 | ||
|---|---|---|---|
| 001 | 159384 | ||
| 003 | ES-MaACL | ||
| 005 | 20230906211557.0 | ||
| 008 | 021105s1862 fr |||| | fre d | ||
| 040 |
_aCCPB | B _bspa _cCCPB | B |
||
| 100 | 1 |
_aMénant, Joachim ( _d1820-1899) _9129820 |
|
| 245 | 1 | 0 |
_aRapport a son excellence M. le Ministre d'État sur les inscripction assyriennes du British Museum / _cpar Joachim Ménant. |
| 260 |
_aParis : _blibrairie de Benjamin Duprat, _c1862. |
||
| 300 |
_a32 p. ; _c25 cm. |
||
| 650 | 4 |
_aEscritura cuneiforme. _912404 |
|
| 650 | 0 | 4 |
_aInscripciones cuneiformes. _9136291 |
| 852 |
_aES-MaACL _jG-6374(4) _z-- Enc. hol. _q-- Falto de la cub. original _z-- Enc. en un vol. facticio _x-- Edic.: En colofón consta el imp.: Caen : typ. de A. Hardel |
||
| 999 |
_c159384 _d159384 |
||